Vùng kinh tế trọng điểm miền trung

Đã lưu trong:
Bibliografiske detaljer
Hovedforfatter: Không rõ
Format: Bog
Sprog:Vietnamese
Udgivet: Sunshine 2002
Tags: Tilføj Tag
Ingen Tags, Vær først til at tagge denne postø!
Thư viện lưu trữ: Mạng thư viện Đại học Đà Nẵng
LEADER 00626nam a2200277 4500
001 000025920
003 1465
005 20150325120000.0
008 150325s vm 000 vie
020 |c 99000,0000 
040 |a notts 
100 |a Không rõ 
245 |a Vùng kinh tế trọng điểm miền trung 
260 |b Sunshine  |c 2002 
300 |a 186tr. ; 
OWN |a LTT 
999 |a From the UDN01 
TYP |a Monograph 
TYP |a Printed language 
980 |a Mạng thư viện Đại học Đà Nẵng